| 000 | 00534nam a2200205Ia 4500 | ||
|---|---|---|---|
| 001 | 13244 | ||
| 003 | GE_BSU | ||
| 008 | 181216s||||||||xx |||||||||||||| ||und|| | ||
| 040 | _cGE_BSU | ||
| 080 | _a635(075.4) | ||
| 245 | _aОвощеводство | ||
| 245 | _bУчебник | ||
| 245 | _cПод.ред.И.А.Власова Ред.В.Н.Таирова | ||
| 260 | _aМосква | ||
| 260 | _bСельхозгиз | ||
| 260 | _c1955 | ||
| 300 | _a366стр.илл.20см. | ||
| 653 | _aОвощеводство | ||
| 942 | _cBK | ||
| 999 |
_c46408 _d46408 |
||